Представление документа в формате RUSMARC

ПолеНазваниеЗначение
  Тип записи a
  Библиографический уровень c
001 Контрольный номер RU/SLIB/B/208775770
005 Дата корректировки 20260202161638.4
010 Индекс ISBN __
d Цена 1-10
101 Язык документа 0_
a Язык текста rus
200 Заглавие и сведения об ответственности 1_
a Заглавие Собрание сочинений
f Первые сведения об ответственности вступ. ст. А. Туркова
b Общее обозначение материала Текст
h Номер части Т. 4
i Наименование части Статьи о литературе ; Литературные портреты
e Сведения, относящиеся к заглавию в 4 т.
210 Выходные данные 1_
a Место издания М.
c Издательство Худож. лит.
d Дата издания 1980
215 Физическое описание __
a Объем 653 с.
600 Персоналии _1
a Персоналии (Фамилия) Пушкин, А. С.
600 Персоналии _1
a Персоналии (Фамилия) Некрасов, Н. А.
600 Персоналии _1
a Персоналии (Фамилия) Шевченко, Т. Г.
600 Персоналии _1
a Персоналии (Фамилия) Горький, М.
600 Персоналии _1
a Персоналии (Фамилия) Маяковский, В. В.
600 Персоналии _1
a Персоналии (Фамилия) Шекспир, В.
600 Персоналии _1
a Персоналии (Фамилия) Гусев, В. М.
600 Персоналии _1
a Персоналии (Фамилия) Бедный, Д.
600 Персоналии _1
a Персоналии (Фамилия) Бажов, П. П.
600 Персоналии _1
a Персоналии (Фамилия) Ахматова, А. А.
606 Тематические рубрики __
a Основная рубрика Художественная литература
y Географическая подрубрика Россия
606 Тематические рубрики __
a Основная рубрика Русская литература XX в. (произведения)
610 Ключевые слова 0_
a Ключевые слова поэты; поэзия; статьи; воспоминания; литературные портреты
686 Индексы других классификаций __
a Классификационный индекс 84(2Рос=Рус)6-4
700 Автор _1
a Фамилия Сурков
b Имя А. А.
4 Код отношения 070
801 Источник записи _0
a Страна RU
b Организация Муниципальное бюджетное учреждение культуры "Централизованная библиотечная система" г. Сургут (Центральная городская библиотека им. А. С. Пушкина)
g Правила каталогизации КиК/Елгина
801 Источник записи _1
a Страна RU
b Организация Муниципальное бюджетное учреждение культуры "Централизованная библиотечная система" г. Сургут (Центральная городская библиотека им. А. С. Пушкина)
g Правила каталогизации КиК/Елгина
852 Данные о местонахождении __
j Шифр хранения 84(2Рос=Рус)6-4
i Авторский знак С 90
p Инвентарный номер 2555
901 Тип документа __
t Тип документа x
969 Тип издания __
a Тип издания сборник
990 Данные о заказе (DOS) __
j Количество экземпляров (DOS) 5
t N записи в КСУ для И/У (DOS) 199101